000 00353nam a2200145Ia 4500
008 210716s2018 xx 000 0 und d
020 _a9788126568130
041 _aeng
082 _a153.94 GREV
245 _a45 day GRE vocab book 2018.
250 _a1
260 _aNew Delhi
_bWiley India Pvt Ltd
_c2018
300 _a125
650 _aAptitude Test
999 _c197070
_d197070